Evaluating 21st century skills of primary school students by using stop motion animation as a technological and pedagogical tool (Record no. 342393)
[ view plain ]
| 000 -LEADER | |
|---|---|
| fixed length control field | 00578nam a2200145 4500 |
| 082 ## - DEWEY DECIMAL CLASSIFICATION NUMBER | |
| Classification number | MSITE-2 MAR |
| 100 ## - MAIN ENTRY--PERSONAL NAME | |
| Personal name | Maria Tauqir |
| 245 ## - TITLE STATEMENT | |
| Title | Evaluating 21st century skills of primary school students by using stop motion animation as a technological and pedagogical tool |
| 260 ## - PUBLICATION, DISTRIBUTION, ETC. | |
| Place of publication, distribution, etc. | (Islamabad) |
| Name of publisher, distributor, etc. | NUST-SEECS |
| Date of publication, distribution, etc. | 2017 |
| 300 ## - PHYSICAL DESCRIPTION | |
| Extent | 90p. |
| 856 ## - Uniform Resource Identifier | |
| Uniform Resource Identifier | <a href="http://10.250.8.41:8080/xmlui/handle/123456789/20194">http://10.250.8.41:8080/xmlui/handle/123456789/20194</a> |
| 942 ## - ADDED ENTRY ELEMENTS (KOHA) | |
| Source of classification or shelving scheme | |
| Koha item type | Thesis |
| Withdrawn status | Lost status | Source of classification or shelving scheme | Damaged status | Not for loan | Collection code | Permanent Location | Current Location | Shelving location | Date acquired | Source of acquisition | Total Checkouts | Full call number | Barcode | Date last seen | Price effective from | Koha item type | Non-public note |
|---|---|---|---|---|---|---|---|---|---|---|---|---|---|---|---|---|---|
| Central Library (CL) | Central Library (CL) | General Stacks | 12/23/2017 | NUST-SEECS | MSITE-2 MAR | SEECSP02246 | 12/23/2017 | 12/23/2017 | Project Report | ||||||||
| Central Library (CL) | Central Library (CL) | Thesis | 12/16/2019 | 004MSITE-2 MAR | CL-T-4339 | 12/16/2019 | 12/16/2019 | Thesis | Minute Sheet No. 0929/02/CL/Survey/5 dated 23rd April 2024 E-MIN ID 114741 | ||||||||
| Central Library (CL) | Central Library (CL) | Thesis | 12/16/2019 | 004MSITE-2 MAR | CL-T-4137 | 12/16/2019 | 12/16/2019 | Thesis | Minute Sheet No. 0929/02/CL/Survey/5 dated 23rd April 2024 E-MIN ID 114741 |
